| 000 -LEADER |
| fixed length control field |
01154nam a22001457a 4500 |
| 008 - FIXED-LENGTH DATA ELEMENTS--GENERAL INFORMATION |
| fixed length control field |
230609b ||||| |||| 00| 0 eng d |
| 100 ## - MAIN ENTRY--PERSONAL NAME |
| Personal name |
Kuhn, Peter and Shen,Kailing |
| 245 ## - TITLE STATEMENT |
| Title |
What happens when employers can no longer discriminate in job ADS? |
| 260 ## - PUBLICATION, DISTRIBUTION, ETC. (IMPRINT) |
| Place of publication, distribution, etc |
The American Economic Review |
| 300 ## - PHYSICAL DESCRIPTION |
| Extent |
113(4), Apr, 2023: p.1013-1048 |
| 520 ## - SUMMARY, ETC. |
| Summary, etc |
When employers' explicit gender requests were unexpectedly removed from a Chinese job board overnight, pools of successful applicants became more integrated: women's (men's) share of callbacks to jobs that had requested men (women) rose by 61 (146) percent. The removal "worked" in this sense because it generated a large increase in gender-mismatched applications, and because those applications were treated surprisingly well by employers, suggesting that employers' gender requests often represented relatively weak preferences or outdated stereotypes. The job titles that were integrated by the ban, however, were not the most gendered ones, and were disproportionately lower-wage jobs.- Reproduced |
| 773 ## - HOST ITEM ENTRY |
| Main entry heading |
The American Economic Review |
| 906 ## - LOCAL DATA ELEMENT F, LDF (RLIN) |
| Subject DIP |
EMPLOYMENT |
| 942 ## - ADDED ENTRY ELEMENTS (KOHA) |
| Item type |
Articles |